|
|
|
|
| LEADER |
00000nam a2200000 a 4500 |
| 001 |
vtls009483724 |
| 003 |
SK-MaSNL |
| 005 |
20260331205021.0 |
| 008 |
090316s1999 xxuo g h 000 0beng |
| 020 |
|
|
|a 0375756469 (brož.)
|
| 040 |
|
|
|a SNK
|b slo
|c SNK
|e AACR2
|
| 041 |
0 |
|
|a eng
|
| 043 |
|
|
|a n-us---
|
| 044 |
|
|
|a xxu
|c US
|
| 072 |
|
7 |
|a 77
|x Fotografia. Fotografické postupy
|2 konspekt
|
| 080 |
|
|
|a 77.04
|2 2001
|
| 080 |
|
|
|a 77.041.5
|2 2001
|
| 080 |
|
|
|a 929
|2 2001
|
| 080 |
|
|
|a (73)
|2 2001
|
| 080 |
|
|
|a (048.8)
|2 2001
|
| 080 |
|
|
|a (084.12)
|2 2001
|
| 100 |
1 |
|
|a Leibovitz, Annie,
|d 1949-
|4 pht
|9 246409
|
| 245 |
1 |
0 |
|a Women
|c [photographs by Annie Leibovitz ; essay by Susan Sontag]
|
| 250 |
|
|
|a 1st ed.
|
| 260 |
|
|
|a New York
|b Random House
|c c1999
|
| 300 |
|
|
|a 248 s.
|b fotogr. (prevažne fareb.)
|c 33 cm
|
| 600 |
1 |
7 |
|a Leibovitz, Annie,
|d 1949-
|2 SNKMA
|9 246409
|
| 648 |
|
7 |
|a 20.-21. stor.
|2 SNKPH
|9 270701
|
| 650 |
0 |
7 |
|a umelecká fotografia
|2 SNKPH
|9 29370
|
| 650 |
0 |
7 |
|a portrétna fotografia
|2 SNKPH
|9 66695
|
| 650 |
0 |
7 |
|a osobnosti
|2 SNKPH
|9 29820
|
| 651 |
|
7 |
|a Spojené štáty americké
|2 SNKPH
|9 18262
|
| 655 |
|
7 |
|a monografie
|2 SNKPH
|9 70139
|
| 655 |
|
7 |
|a fotografické publikácie
|2 SNKPH
|9 70483
|
| 700 |
1 |
|
|a Sontag, Susan,
|d 1933-2004
|4 aut
|9 246399
|
| 919 |
|
|
|a 0-375-75646-9
|
| 999 |
|
|
|c 657694
|d 659624
|
| 952 |
|
|
|a SNK
|b SNK
|y VYP
|7 0
|p 17A0623722
|o snkIB 72021
|i snk2009/11186
|8 2
|g 64.00
|0 0
|1 0
|4 0
|d 2009-03-16
|l 0
|r 2026-02-23 18:43:09
|w 2026-02-23
|